Városatya-portrék
Elmentve itt :
| Dokumentumtípus: | Cikk |
|---|---|
| Megjelent: |
1930-03-02
|
| Sorozat: | Délmagyarország
6 No. 51 |
| Kulcsszavak: | Rainer Ferenc, Domán Mátyás, Politikai élet Szeged 1930 |
| Online Access: | http://dmarchiv.bibl.u-szeged.hu/59648 |
| LEADER | 00432nab a2200145 i 4500 | ||
|---|---|---|---|
| 001 | delm59648 | ||
| 005 | 20180927144603.0 | ||
| 008 | 180927s1930 hu o 0|| hun d | ||
| 040 | |a SZTE Délmagyarország Archívum |b hun | ||
| 041 | |a hun | ||
| 245 | 0 | 0 | |a Városatya-portrék |h [elektronikus dokumentum] |
| 260 | |c 1930-03-02 | ||
| 300 | |a 6 | ||
| 490 | 0 | |a Délmagyarország |v 6 No. 51 | |
| 695 | |a Rainer Ferenc, Domán Mátyás, Politikai élet Szeged 1930 | ||